1465 1773 1445 1253 1778 1551 1261 1444 1582 1014 1877 1011 1813 1423 1584 1973 1351 1094 1407 1781 1548 1758 1564 1591 1529 1823 1459 1973 1033 1453 1718 1666 1169 1866 1107 1762 1979 1464 1721 1689 1662 1655 1345 1392 1023 1997 1269 1811 1422 1015 1323 1184 1296 1844 1705 1266 1043 1486 1549 1769 1723 1314 1427 1430 1802 1379 1223 1426 1213 1535 1802 1283 1723 1234 1648 1845 1768 1361 1284 1045 1238 1210 1989 1980 1906 1119 1316 1552 1172 1310 1789 1190 1313 1752 1344 1683 1220 1042 1530 BCNSPRNW ULIB Ver.6.0+V

เปลี่ยนเป็นภาษาไทย

Change to English
 แสดงรายละเอียดบรรณานุกรม
  กลับหน้าหลัก

Brief Record : Get Marc (ISO 2709) : E-mail record : QR code < ปิดหน้าต่าง
LEADER : 00000nam 2200000uu 4500
001    13399120858
003     ULIB
008    020711s2551 th a 000 0 tha d
020    97897416748311
050    BQ4570.33 ศ722ธ
245    ธรรมะกับเรื่องเพศ (ที่สามด้วย)/^cศุภวรรณ พิพัฒพรรณวงค์ กรีน
250    พิมพ์ครั้งที่ 1
260    กรุงเทพฯ :^bประสานมิตร,^c2551
300    184 หน้า
945    ^p165^l0^i15740
999    ^aทศพร เกษรทอง
รายการนี้ยังไม่มีแท็ก
คุณยังไม่ได้ล็อกอิน คุณสามารถมีกิจกรรมร่วมกับเว็บไซต์ได้ แต่ต้องล็อกอินก่อน ::
  ล็อกอิน

รายการสื่อสารสนเทศ

ลำดับที่ ประเภท เลขเรียก/บาร์โค้ด สถานที่ สถานะ
1. วิทยาศาสตร์การแพทย์ และสุขภาพ
วิทยาศาสตร์การแพทย์ และสุขภาพ
BQ4570.33 ศ722ธ  
  Barcode: 15740
ห้องสมุดวิทยาเขตสวรรค์ประชารักษ์
►หนังสือทั่วไป
บนชั้น

BibComment


ยังไม่เคยถูกคอมเมนท์

คอมเมนท์ทรัพยากรรายการนี้
  คอมเมนท์: ธรรมะกับเรื่องเพศ..


 Copyright 2026. Bcnsprnw @Library